Las fuerzas armadas en la sociedad civil: Alemania, USA, URSS y America Latina

שמור ב:
מידע ביבליוגרפי
Main Authors: Arriagada Herrera, Genaro (Author), Chaparro Navarrete, Patricio (Author), Hormazábal, Ricardo (Author), Sánchez González, Walter (Author), Hugh Torres, James (Author)
מחברים אחרים: Garretón Merino, Manuel Antonio (autor)
פורמט: ספר
שפה:ספרדית
יצא לאור: Santiago CISEC 1978
סדרה:Serie A: Monografías sobre Doctrina Social de la Iglesia
נושאים:
תגים: הוספת תג
אין תגיות, היה/י הראשונ/ה לתייג את הרשומה!

MARC

LEADER 00000nam a2200000 a 4500
001 UCV3200
003 CL-VaPUC
008 930429e19780000CL |||||||||||||||||spa|d
082 0 4 |a 354.1  |b ARR  |2 21 
100 0 |a Arriagada Herrera, Genaro  |e author  |9 297460 
700 0 |a Chaparro Navarrete, Patricio  |e author  |9 297461 
700 |a Garretón Merino, Manuel Antonio  |e autor  |9 617177 
700 0 |a Hormazábal, Ricardo  |e author  |9 297463 
700 0 |a Sánchez González, Walter  |e author  |9 297464 
700 0 |a Hugh Torres, James  |e author  |9 297465 
245 1 4 |a Las fuerzas armadas en la sociedad civil: Alemania, USA, URSS y America Latina 
300 |a 229 p 
942 |c BK 
945 |d 19930429 00:00:00 
260 |a Santiago  |b CISEC  |c 1978 
650 0 |a Fuerzas Armadas  |9 255504 
650 0 |a Actividad política  |9 295875 
650 0 |a Aspectos sociales  |9 254894 
583 |a last modification  |c 20130328 13:31:28  |k Rodrigo Vera 
490 0 |a Serie A: Monografías sobre Doctrina Social de la Iglesia 
999 |c 210504  |d 210502 
952 |0 0  |1 0  |4 0  |6 354_100000000000000_ARR_1978  |7 0  |8 A  |9 186805  |a BIBDER  |b BIBDER  |d 2019-11-14  |i 2544156  |o 354.1 ARR 1978  |p 2544156  |r 2023-01-25  |w 2019-11-14  |y BK  |k DER 
952 |0 0  |1 0  |4 0  |6 354_100000000000000_ARR_1978  |7 0  |8 A  |9 186806  |a BIBHIS  |b BIBHIS  |d 2019-11-14  |i 1209221  |o 354.1 ARR 1978  |p 1209221  |r 2025-01-20  |w 2019-11-14  |y BK  |k HIS